| 000 | 01225nam a22003257a 4500 | ||
|---|---|---|---|
| 003 | OSt | ||
| 005 | 20230817104823.0 | ||
| 008 | 221006b |||||||| |||| 00| 0 eng d | ||
| 040 | _cBiblioteca Lado V | ||
| 082 |
_a700 _bN225h |
||
| 100 |
_9947 _aNarea, Ximena _edirectora |
||
| 245 |
_aHeteregénesis/ _bRevista de Artes Visuales/ |
||
| 260 |
_bUniversidad de Lund _c1999 _aAlemania |
||
| 300 |
_c20x28.5cm _a59p. |
||
| 490 |
_a28 _x1103-1832 _vVIII |
||
| 505 | _aEDITORIAL | ||
| 505 | _aACCIÓN! EL DESARROLLO DEL ACTO | ||
| 505 | _aBODY ACT | ||
| 505 | _aLAS SILUETAS POÉTICAS DE ANA MENDIETA | ||
| 505 | _aEXPRESIONES ESCENOGRÁFICAS EN LA MÚSICA UNDERGROUND | ||
| 505 | _aBUTOH, EL CUERPO EXTENDIDO | ||
| 505 | _aFUSIÓN DEL ARTE Y LA VIDA, APUNTES EN TORNO A LA OBRA DE LYGIA CLARK | ||
| 505 | _aWORK IN PROGRESS Y LO QUE NOS CORRESPONDE | ||
| 505 | _aAL BORDE DEL NUEVO MILENIO 48 BIENAL DE VENECIA | ||
| 650 |
_2Tesauro de Arte & Arquitectura _aARTE _9703 |
||
| 650 |
_2Tesauro de Arte & Arquitectura _aARTE COSTARRICENSE |
||
| 650 |
_2Tesauro de Arte & Arquitectura _aARTES VISUALES |
||
| 651 |
_2Tesauro de Arte & Arquitectura _aCOSTA RICA |
||
| 942 |
_2ddc _c1 _h700 _iN225h _n0 |
||
| 999 |
_c4158 _d4158 |
||